000 00794nam a2200229Ia 4500
999 _c55332
_d55332
005 20240530105350.0
008 140319s9999 xx 000 0 ara d
017 _bمصر. دار الكتب
040 _aGCL /
_cGCL
082 0 4 _a301.14
_bم ا
_221
100 1 _aمحمد سلامة محمد عبادى
245 1 0 _aالاتصال ووسائله بين النظرية والتطبيق /
_cمحمد سلامة محمد غباري
260 _aالقاهرة :
_c1991
300 _a293 ؛
_c24 سم
650 0 4 _aخدمة الفرد
_2qrmak
650 0 4 _aالخدمة الاجتماعية
_2qrmak
650 0 4 _aالاتصال
_2qrmak
650 0 4 _aالعمل مع الجماعات
_2qrmak
651 _2qrmak
700 1 _aالسيد عبدالحميد عطية
942 _2ddc
_cBK